| 000 -ლიდერი |
| ფიქსირებული სიგრძის საკონტროლო ველი |
00873nam a2200205Ia 4500 |
| 001 - საკონტროლო ნომერი |
| საკონტროლო ველი |
6198 |
| 003 - საკონტროლო ნომრის იდენტიფიკატორი |
| საკონტროლო ველი |
GE_BSU |
| 005 - ბოლო ოპერაციის თარიღი და დრო |
| საკონტროლო ველი |
20190506111450.0 |
| 008 - ფიქსირებული სიგრძის მონაცემთა ელემენტები - ზოგადი ინფორმაცია |
| ფიქსირებული სიგრძის საკონტროლო ველი |
181216s1970||||ge |||||||||||||| ||geo|| |
| 040 ## - კატალოგიზაციის წყარო |
| Transcribing agency |
GE_BSU |
| 041 ## - ენის კოდი |
| Language code of text/sound track or separate title |
geo |
| 080 ## - უნივერსალური ათობითი კლასიფიკაციის ინდექსი |
| Universal Decimal Classification number |
697(075.8) დ.23 |
| 100 ## - მთავარი ჩანაწერი - პიროვნების სახელი |
| Personal name |
დარჩია, გ. |
| 9 (RLIN) |
667 |
| 245 ## - ცნობა სათაურის შესახებ |
| Title |
გათბობა და ვენტილაცია ნაწ.II ვენტილაცია : |
| Remainder of title |
სახელმძღვ. / |
| Statement of responsibility, etc |
გ. დარჩია ; რედ. ზ.ჯიბლაძე. |
| 264 ## - წარმოების, გამოცემის, დისტრიბუციის და სხვა ცნობები |
| გამოცემის, წარმოების, დისტრიბუციის... ადგილი |
თბილისი : |
| გამოცემის, წარმოების, დისტრიბუციის... სახელწოდება |
განათლება, |
| გამოცემის, წარმოების, დისტრიბუციის... თარიღი |
1970. |
| 300 ## - ფიზიკური აღწერა |
| Extent |
373 გვ. : |
| Other physical details |
ილ. , დანართები გვ.345-369. ; |
| Dimensions |
27 სმ. |
| 653 ## - INDEX TERM--UNCONTROLLED |
| Uncontrolled term |
გათბობა და ვენტილაცია |
| 700 ## - ADDED ENTRY--PERSONAL NAME |
| Personal name |
ჯიბლაძე, ზ. |
| Relator term |
რედაქტორი |
| 9 (RLIN) |
739 |
| 942 ## - ADDED ENTRY ELEMENTS (KOHA) |
| Koha item type |
წიგნი |
| Source of classification or shelving scheme |
|